John Spalding Flannery papers, (Record no. 44373)

MARC details
000 -LEADER
fixed length control field 02492cpcaa2200469 a 4500
001 - CONTROL NUMBER
control field mm 96083668
003 - CONTROL NUMBER IDENTIFIER
control field DLC
005 - DATE AND TIME OF LATEST TRANSACTION
control field 20260227111725.0
007 - PHYSICAL DESCRIPTION FIXED FIELD--GENERAL INFORMATION
fixed length control field cr |||||||||||
008 - FIXED-LENGTH DATA ELEMENTS--GENERAL INFORMATION
fixed length control field 960327|||||||||||| eng
010 ## - LIBRARY OF CONGRESS CONTROL NUMBER
LC control number mm 96083668
040 ## - CATALOGING SOURCE
Original cataloging agency DLC
Description conventions dacs
Transcribing agency DLC
Modifying agency DLC
072 #7 - SUBJECT CATEGORY CODE
Subject category code R
Source lcmd
100 1# - MAIN ENTRY--PERSONAL NAME
Personal name Flannery, John Spalding,
Dates associated with a name 1870-1954.
245 00 - TITLE STATEMENT
Title John Spalding Flannery papers,
Inclusive dates 1902-1953
Bulk dates (bulk 1902-1929).
300 ## - PHYSICAL DESCRIPTION
Extent 500
Type of unit items.
300 ## - PHYSICAL DESCRIPTION
Extent 2
Type of unit containers.
300 ## - PHYSICAL DESCRIPTION
Extent 0.8
Type of unit linear feet.
506 0# - RESTRICTIONS ON ACCESS NOTE
Terms governing access Open to research.
520 8# - SUMMARY, ETC.
Summary, etc. Chiefly records from McKenney, Flannery & Craighill, the Washington, D.C., law firm in which Flannery was a principal partner. Includes material relating to the firm's representation of American Indian tribes in legal actions against the federal government and legal files pertaining to clients Oliver Wendell Holmes, Charles Evans Hughes, and Wendell W. Mischler (relating to President William H. Taft for whom he was secretary). Correspondents include Helen Herron Taft and William H. Taft.
544 ## - LOCATION OF OTHER ARCHIVAL MATERIALS NOTE
Materials specified Photographs
Provenance transferred to
Custodian Library of Congress Prints and Photographs Division.
544 ## - LOCATION OF OTHER ARCHIVAL MATERIALS NOTE
Materials specified One broadside
Provenance transferred to
Custodian Library of Congress Rare Book and Special Collections Division.
545 0# - BIOGRAPHICAL OR HISTORICAL DATA
Biographical or historical data Lawyer.
546 ## - LANGUAGE NOTE
Language note Collection material in English.
555 8# - CUMULATIVE INDEX/FINDING AIDS NOTE
Cumulative index/finding aids note Finding aid available in the Library of Congress Manuscript Reading Room and at
Uniform Resource Identifier <a href="http://hdl.loc.gov/loc.mss/eadmss.ms009292">http://hdl.loc.gov/loc.mss/eadmss.ms009292</a>
600 10 - SUBJECT ADDED ENTRY--PERSONAL NAME
Personal name Holmes, Oliver Wendell,
Dates associated with a name 1841-1935.
600 10 - SUBJECT ADDED ENTRY--PERSONAL NAME
Personal name Hughes, Charles Evans,
Dates associated with a name 1862-1948.
600 10 - SUBJECT ADDED ENTRY--PERSONAL NAME
Personal name Mischler, Wendell W.,
Dates associated with a name 1870-
600 10 - SUBJECT ADDED ENTRY--PERSONAL NAME
Personal name Taft, Helen Herron,
Dates associated with a name 1861-1943
Form subdivision Correspondence.
600 10 - SUBJECT ADDED ENTRY--PERSONAL NAME
Personal name Taft, William H.
Fuller form of name (William Howard),
Dates associated with a name 1857-1930
Form subdivision Correspondence.
650 #0 - SUBJECT ADDED ENTRY--TOPICAL TERM
Topical term or geographic name entry element Indians of North America
General subdivision Claims.
650 #0 - SUBJECT ADDED ENTRY--TOPICAL TERM
Topical term or geographic name entry element Indians of North America
General subdivision Legal status, laws, etc.
650 #0 - SUBJECT ADDED ENTRY--TOPICAL TERM
Topical term or geographic name entry element Law firms
Geographic subdivision Washington (D.C.)
650 #0 - SUBJECT ADDED ENTRY--TOPICAL TERM
Topical term or geographic name entry element Legal assistance to Indians.
650 #0 - SUBJECT ADDED ENTRY--TOPICAL TERM
Topical term or geographic name entry element Practice of law
Geographic subdivision Washington (D.C.)
656 #7 - INDEX TERM--OCCUPATION
Occupation Lawyers.
Source of term itoamc
710 1# - ADDED ENTRY--CORPORATE NAME
Corporate name or jurisdiction name as entry element McKenney, Flannery & Craighill.
Title of a work McKenney, Flannery & Craighill records.
856 4# - ELECTRONIC LOCATION AND ACCESS
Materials specified Finding aid
Uniform Resource Identifier <a href="http://hdl.loc.gov/loc.mss/eadmss.ms009292">http://hdl.loc.gov/loc.mss/eadmss.ms009292</a>
856 4# - ELECTRONIC LOCATION AND ACCESS
Materials specified Finding aid (PDF)
Uniform Resource Identifier <a href="http://hdl.loc.gov/loc.mss/eadmss.ms009292.3">http://hdl.loc.gov/loc.mss/eadmss.ms009292.3</a>

No items available.

Powered by Koha